El Planteamiento educativo como instrumento de cambio

Saved in:
Bibliografiske detaljer
Hovedforfatter: Aguerrondo, Inés (Author)
Format: Bog
Sprog:spansk
Udgivet: Buenos Aires Troquel 1990
Udgivelse:1a. ed
Serier:Troquel Educación
Fag:
Tags: Tilføj Tag
Ingen Tags, Vær først til at tagge denne postø!

MARC

LEADER 00000nam a2200000 a 4500
001 UCH6344
003 CL-VaPUC
008 091109e19900000AG |||||||||||||||||spa|d
020 |a 950163048X 
082 0 4 |a 370.78  |b AGU  |2 21 
100 0 |a Aguerrondo, Inés  |e author  |9 542766 
245 1 3 |a El Planteamiento educativo como instrumento de cambio 
250 |a 1a. ed 
300 |a 127 p 
942 |c BK 
945 |d 20091109 00:00:00  |a ccalabra 
260 |a Buenos Aires  |b Troquel  |c 1990 
650 0 |a Planificación del currículo  |9 269599 
650 7 |a RECURSOS EDUCATIVOS  |2 CL-VaPUC  |9 542767 
650 0 |a Métodos de enseñanza  |9 270413 
650 0 |a Grupos de discusión   |9 337605 
583 |a last modification  |c 20160928 12:17:19  |k Rodrigo Vera 
490 0 |a Troquel Educación 
999 |c 337249  |d 337247